| 000 | 00766nam a2200253 4500 | ||
|---|---|---|---|
| 003 | OSt | ||
| 005 | 20240618024619.0 | ||
| 006 | a | ||
| 008 | 240618b |||||||| |||| 00| 0 eng d | ||
| 020 | _a9781412996211 | ||
| 040 |
_aDWCL-Main lib. _cOC |
||
| 082 | _aCirc. 004.678 W694c 2012 | ||
| 100 | _aWillard, Nancy E | ||
| 245 | _aCyber savvy : embracing digital safety and civility / | ||
| 260 |
_aCalifornia : _bCorwin Press, _cc2012. |
||
| 300 |
_axi, _b160 p. ; _c25 cm. |
||
| 504 | _aIncludes bibliographical references & index. | ||
| 650 | _a1. Internet and children. | ||
| 650 | _a2. Internet and teenagers. | ||
| 650 | _a3. Internet–Safety measures. | ||
| 650 | _a4. Parenting. | ||
| 700 | _aNancy E Willard | ||
| 942 |
_2ddc _n0 _cBK-CIRC _kCirc. |
||
| 999 |
_c798 _d798 |
||